Normal view MARC view
  • Fernández Juncos, Manuel,

Entry Nombre Personal

Number of records used in: 2

001 - NUMERO DE CONTROL

  • campo de control: 49012

003 - IDENTIFICADOR DE NUMERO DE CONTROL

  • campo de control: DLC

005 - FECHA Y HORA DE LA ÜLTIMA TRANSACCIÓN

  • campo de control: 20230524105043.0

008 - DATOS DE LONGITUD FIJA

  • campo de control de longitud fija: 931221n| azannaabn |a aaa c

010 ## - NÚMERO DE CONTROL DE LA BIBLIOTECA DEL CONGRESO

  • Número de control LC: no 93038976

035 ## - NUMERO DE CONTROL

  • Número de control: (OCoLC)oca03523326

040 ## - FUENTE DE CATALOGACIÓN

  • Agencia original de catalogación: InU-Mu
  • Lenguaje de catalogación: spa
  • Description conventions: rda
  • Agencia de transcripción: InU-Mu
  • Agencia que lo modifica: OCoLC
  • Agencia que lo modifica: ICU
  • Agencia que lo modifica: MX-MxUPN

046 ## - FECHAS CON CODIFICACIÓN ESPECIAL

  • Fecha de nacimiento: 1846
  • Fecha de muerte: 1928
  • Fuente del formato de fecha: edtf

053 #0 - NÚMERO DE CLASIFICACIÓN LC

  • Número de clasificación elemento-número único o número inicial de tramo: PQ7439.F3

100 1# - ENCABEZAMIENTO - NOMBRE PERSONAL

  • Nombre personal: Fernández Juncos, Manuel,
  • Fechas asociadas con el nombre: 1846-1928

400 1# - VEÁSE - NOMBRE DE PERSONA

  • Personal name: Fernández Juncos, M.
  • Fuller form of name: (Manuel),
  • Dates associated with a name: 1846-1928

670 ## - FUENTE EN LA QUE SE LOCALIZARON DATOS

  • Cita de la fuente: Colón, B. Canciones escolares, c1904:
  • Información localizada: v. 1, t.p. (Manuel Fernández Juncos)

670 ## - FUENTE EN LA QUE SE LOCALIZARON DATOS

  • Cita de la fuente: Arnold, S. Libro segundo de lectura, 1944:
  • Información localizada: portada (M. Fernández Juncos)

670 ## - FUENTE EN LA QUE SE LOCALIZARON DATOS

  • Cita de la fuente: Hill, M. Puerto Rican authors
  • Información localizada: (Fernández Juncos, Manuel; b. 12/11/1846, Tresmontes, Asturias, Spain; d. 8/18/28, San Juan, P.R.; businessman, journalist, literary critic, poet, folklorist, politician, educator, and lecturer)

902 ## - CATALOGADOR

  • Catalogador: Víctor Ruiz/240523